00584nam a22002057a 450000500170000001000150001702000260003203500140005803700130007208200100008510000200009524500940011525000060020926000200021527000590023530000230029470000200031770000210033770000200035820250625155626.0 aENG-145511 c250.00a9788193376140 aEN-129043 bDBAD/PUB a305.4 aPereira, Melvil aExploring Differences ,Recording Change:bThe Karbis of Assam/cMelvil Pereira....[ed,al] a1 aGuwahati c2017 bAssama North Eastern Social Research Centre e781005 a311vpp.c21cm(pbk) aDharaming Teron aSyotikona Chetia aMaggie Katharpi